000 00367nam a22001457a 4500
999 _c8036
_d8036
003 OSt
005 20200619163624.0
008 200619b ||||| |||| 00| 0 eng d
020 _a9784309800066
082 _a747.857
_bKIS
100 _a Kishikawa, Hiro,
_d1951-
245 _aRestaurant interior
260 _aJapan
_bDesign Media Publishing Ltd;
_c2007
942 _2ddc